000 00303nam a2200133Ia 4500
005 20251222143215.0
008 251222s9999||||xx |||||||||||||| ||spa||
020 _a2-7022-0352-3
082 _a759.44/M28
100 _aJacobus, John
245 0 _aHenri Matisse
264 _bCercle D'art
942 _cLIB
999 _c13613
_d13613